000 00773nam a2200265Ia 4500
001 Para_2112
003 CHAP
008 220125ss/f xx 000 0 und d
010 _a204578
040 _cCHAP
082 _aPA 632.94 B3
100 _aBayer. División Sanidad Animal
_9170509
245 _aTaller de trabajo sobre el control de plagas de almacen con fumigantes a base de Fosfina /
_c por Bayer. División Sanidad Animal
260 _aMéxico, D.F. :
_b BAYER
300 _ac.a. 83 h.
650 _aControl de plagas
_927595
650 _aFumigantes
_943951
901 _aPA 632.94 B3
902 _aA
905 _a000000s/f a 0000000000 00
910 _as/f
942 _cPARA
942 _cPARA
_d1
999 _c204578
_d204578